Greatest MLB Rivalries - Statistics

General Stats
  • This quiz has been taken 145 times
  • The average score is 11 of 15
Answer Stats
Team Answer % Correct
New York Yankees Boston Red Sox
97%
St. Louis Cardinals Chicago Cubs
91%
San Francisco Giants Oakland Athletics
85%
Texas Rangers Houston Astros
83%
New York Mets Philadelphia Phillies
80%
New York Yankees Los Angeles Dodgers
77%
Los Angeles Dodgers San Francisco Giants
77%
Chicago Cubs Chicago White Sox
76%
New York Yankees New York Mets
75%
Chicago Cubs Milwaukee Brewers
74%
New York Mets Atlanta Braves
73%
Cincinnati Reds Pittsburgh Pirates
73%
Chicago White Sox Detroit Tigers
71%
Chicago White Sox Minnesota Twins
66%
Toronto Blue Jays Texas Rangers
44%
No matching quizzes found
Score Distribution
Percent of People with Each Score
Percentile by Number Answered
Your Score History
You have not taken this quiz